| 000 | 01079cam a22002894a 4500 | ||
|---|---|---|---|
| 999 |
_c10241 _d10241 |
||
| 001 | 16908445 | ||
| 003 | OSt | ||
| 005 | 20210218130002.0 | ||
| 008 | 110808s2011 ilu b 000 0 eng | ||
| 010 | _a 2011032882 | ||
| 020 | _a9780830838202 (pbk. : alk. paper) | ||
| 040 |
_aDLC _cDLC _dDLC |
||
| 042 | _apcc | ||
| 050 | 0 | 0 |
_aHD57.7 _bB414S |
| 082 | 0 | 0 |
_a658.4/092 _223 _bB414S |
| 100 | 1 | _aBeebe, Gayle D. | |
| 245 | 1 | 4 |
_aThe shaping of an effective leader : _beight formative principles of leadership / _cGayle D. Beebe. |
| 260 |
_aDowners Grove, Ill. : _bIVP Books, _cc2011. |
||
| 300 |
_a208 p. : _bill. ; _c21 cm. |
||
| 504 | _aIncludes bibliographical references. | ||
| 600 | 1 | 0 |
_aDrucker, Peter F. _q(Peter Ferdinand), _d1909-2005. |
| 650 | 0 | _aLeadership. | |
| 650 | 0 |
_aLeadership _xMoral and ethical aspects. |
|
| 906 |
_a7 _bcbc _corignew _d1 _eecip _f20 _gy-gencatlg |
||
| 942 |
_2ddc _cBK |
||